<?xml version="1.0" encoding="UTF-8"?>
<record
    xmlns:xsi="http://www.w3.org/2001/XMLSchema-instance"
    xsi:schemaLocation="http://www.loc.gov/MARC21/slim http://www.loc.gov/standards/marcxml/schema/MARC21slim.xsd"
    xmlns="http://www.loc.gov/MARC21/slim">

  <leader>01084nab a2200289 uc4500</leader>
  <controlfield tag="001">933158</controlfield>
  <controlfield tag="005">20240201201325.0</controlfield>
  <controlfield tag="008">050705e20031201                    spa  </controlfield>
  <datafield tag="035" ind1=" " ind2=" ">
    <subfield code="a">933158</subfield>
  </datafield>
  <datafield tag="035" ind1=" " ind2=" ">
    <subfield code="a">(OCoLC)820326105</subfield>
  </datafield>
  <datafield tag="040" ind1=" " ind2=" ">
    <subfield code="c">comduadb</subfield>
  </datafield>
  <datafield tag="041" ind1=" " ind2=" ">
    <subfield code="a">spa</subfield>
  </datafield>
  <datafield tag="100" ind1="1" ind2="0">
    <subfield code="a">G&#xF3;mez Botero, Gloria Elena</subfield>
    <subfield code="4">aut</subfield>
    <subfield code="e">aut</subfield>
    <subfield code="9">249385</subfield>
  </datafield>
  <datafield tag="245" ind1="1" ind2="0">
    <subfield code="a">Clinica del objeto: la anorexia</subfield>
  </datafield>
  <datafield tag="650" ind1=" " ind2=" ">
    <subfield code="a">Cl&#xED;nica psicoanal&#xED;tica</subfield>
    <subfield code="9">21520</subfield>
  </datafield>
  <datafield tag="650" ind1=" " ind2=" ">
    <subfield code="a">Objeto (Psicoan&#xE1;lisis)</subfield>
    <subfield code="9">69042</subfield>
  </datafield>
  <datafield tag="650" ind1=" " ind2=" ">
    <subfield code="a">Anorexia</subfield>
    <subfield code="9">19635</subfield>
  </datafield>
  <datafield tag="650" ind1=" " ind2=" ">
    <subfield code="a">Historia de las enfermedades</subfield>
    <subfield code="9">79164</subfield>
  </datafield>
  <datafield tag="650" ind1=" " ind2="7">
    <subfield code="a">Trastornos de alimentaci&#xF3;n y de la ingesti&#xF3;n de alimentos</subfield>
    <subfield code="2">dcs</subfield>
    <subfield code="9">130627</subfield>
  </datafield>
  <datafield tag="650" ind1=" " ind2="7">
    <subfield code="a">Manual diagn&#xF3;stico y estad&#xED;stico de los trastornos mentales</subfield>
    <subfield code="2">dcs</subfield>
    <subfield code="9">220107</subfield>
  </datafield>
  <datafield tag="650" ind1=" " ind2=" ">
    <subfield code="a">Deseo (Psicoan&#xE1;lisis)</subfield>
    <subfield code="9">36924</subfield>
  </datafield>
  <datafield tag="650" ind1=" " ind2=" ">
    <subfield code="a">Demanda (Psicoan&#xE1;lisis)</subfield>
    <subfield code="9">13535</subfield>
  </datafield>
  <datafield tag="650" ind1=" " ind2=" ">
    <subfield code="a">S&#xED;ntoma (Psicoan&#xE1;lisis)</subfield>
    <subfield code="9">50607</subfield>
  </datafield>
  <datafield tag="650" ind1=" " ind2=" ">
    <subfield code="a">Otro (Psicoan&#xE1;lisis)</subfield>
    <subfield code="9">102208</subfield>
  </datafield>
  <datafield tag="773" ind1="0" ind2=" ">
    <subfield code="t">Desde el Jard&#xED;n de Freud : Revista de Psicoan&#xE1;lisis (Bogot&#xE1;)</subfield>
    <subfield code="g">No. 003, Dic. 2003, p. 146-162</subfield>
    <subfield code="w">701954</subfield>
    <subfield code="x">1657-3986</subfield>
    <subfield code="0">215619</subfield>
  </datafield>
  <datafield tag="942" ind1=" " ind2=" ">
    <subfield code="c">ARIMP</subfield>
  </datafield>
  <datafield tag="999" ind1=" " ind2=" ">
    <subfield code="c">360111</subfield>
    <subfield code="d">360111</subfield>
  </datafield>
</record>
